LEADER 01026nam0-2200337---450- 001 990008859680403321 005 20090706184236.0 010 $a0-660-19087-7 035 $a000885968 035 $aFED01000885968 035 $a(Aleph)000885968FED01 035 $a000885968 100 $a20090527d2004----km-y0itay50------ba 101 0 $aeng 102 $aCA 105 $aa-------001yy 200 1 $aMycorrhizas: anatomy and cell biology$fR. Larry Peterson, Hugues B. Massicotte, Lewis H. Melville 210 $aOttawa$cNRC Research Press$aWallingford$cCABI Publishing$dc2004 215 $a173 p.$cill.$d28 cm 610 0 $aMicorrize 676 $a589.2$v20$zita 700 1$aPeterson,$bR. Larry$0315073 701 1$aMassicotte,$bHugues B.$0315172 701 1$aMelville,$bLewis H.$0315173 801 0$aIT$bUNINA$gRICA$2UNIMARC 901 $aBK 912 $a990008859680403321 952 $a60 589.2 B 59$b11936$fFAGBC 959 $aFAGBC 996 $aMycorrhizas: anatomy and cell biology$9803874 997 $aUNINA LEADER 01089cam--2200337---450 001 990000675850203316 005 20210215114007.0 035 $a0067585 035 $aUSA010067585 035 $a(ALEPH)000067585USA01 035 $a0067585 100 $a20011015d1979----km-y0itay5003----ba 101 0 $aita 102 $aIT 105 $ay|||||||001yy 200 1 $aGabriele Quattromani e un suo inedito diario politico del 1848 napoletano$f[a cura di] Alfredo Zazo 210 $aNapoli$cEdizioni Dehoniane$d1979 215 $a111 p.$d24 cm 225 2 $aDocumenti studi e sussidi$v3 410 0$12001$aDocumenti studi e sussidi$v3 607 $aItalia meridionale$z1848$xDiari$xOpere anteriori al 1900$2BNCF 676 $a945.70833092 700 1$aQUATTROMANI,$bGabriele$0316080 702 1$aZAZO,$bAlfredo 801 0$aIT$bsalbc$gISBD 912 $a990000675850203316 951 $aX.3.A. 444(C 9 3 86)$b7018 CSSM$cX.3.$d393974 959 $aBK 969 $aUMA 996 $aGabriele Quattromani e un suo inedito diario politico del 1848 napoletano$91478113 997 $aUNISA